000 00537nam a2200169Ia 4500
005 20250508160241.0
008 008 250505s9999 xx 000 0 eng d
037 _aBooks to be hide in OPAC
040 _aFEDL
_beng
_cFEDL
041 _aeng
_2eng
084 _a507, CIE/O
_qFEDL
245 0 _aSeminar on identification and fostering of scientific talensts'
245 0 _cCentral Institute of Education
260 _aDelhi, India
_bCentral Institute of Education
942 _cHB
_h507, CIE/O
999 _c1363074
_d1363074